[Event "FIDE World Rapid 2014"]
[Site "Dubai UAE"]
[Date "2014.06.17"]
[Round "7.36"]
[White "Al-Sayed, Mohammed"]
[Black "Adly, Ahmed"]
[Result "0-1"]
[WhiteTitle "GM"]
[BlackTitle "GM"]
[WhiteElo "2505"]
[BlackElo "2594"]
[WhiteFideId "12100196"]
[BlackFideId "10601619"]
[EventDate "2014.06.16"]

1. d4 Nf6 2. c4 e6 3. Nf3 d5 4. Nc3 c6 5. e3 Nbd7 6. Qc2 Bd6 7. Bd3 O-O 8. O-O
dxc4 9. Bxc4 e5 10. h3 Qe7 11. Bb3 b6 12. Re1 Bb7 13. Bd2 e4 14. Nh2 Rae8 15.
Rad1 Kh8 16. Bc1 g5 17. a3 g4 18. Nxg4 Nxg4 19. hxg4 Qh4 20. g3 Qxg4 21. Qe2 Qf5
22. Kg2 Rg8 23. Rh1 Bxg3 24. Kf1 Ba6 0-1

[Event "FIDE World Rapid 2014"]
[Site "Dubai UAE"]
[Date "2014.06.17"]
[Round "7.37"]
[White "Antipov, Mikhail Al."]
[Black "Mamedyarov, Shakhriyar"]
[Result "1/2-1/2"]
[WhiteTitle "GM"]
[BlackTitle "GM"]
[WhiteElo "2502"]
[BlackElo "2743"]
[WhiteFideId "4107012"]
[BlackFideId "13401319"]
[EventDate "2014.06.16"]

1. e4 c6 2. d4 d5 3. e5 Bf5 4. Nd2 e6 5. Nb3 Nd7 6. Nf3 Ne7 7. Be2 h6 8. O-O g5
9. Ne1 c5 10. Nxc5 Nxc5 11. dxc5 Nc6 12. Bd3 Bxc5 13. Bxf5 exf5 14. Nd3 Bb6 15.
Qh5 Qe7 16. e6 O-O-O 17. Qxf7 Qxf7 18. exf7 Rhf8 19. Be3 Bxe3 20. fxe3 Rxf7 21.
Rf3 d4 22. e4 f4 23. g3 Re8 24. Re1 Ne5 25. Nxe5 Rxe5 26. Re2 Kc7 27. Kg2 Rb5
28. gxf4 Rxf4 29. Rxf4 gxf4 30. c3 dxc3 31. bxc3 Kd6 32. Kf3 Ke5 33. Rd2 Rc5 1/2-1/2

[Event "FIDE World Rapid 2014"]
[Site "Dubai UAE"]
[Date "2014.06.17"]
[Round "7.38"]
[White "Andriasian, Zaven"]
[Black "Korobov, Anton"]
[Result "1-0"]
[WhiteTitle "GM"]
[BlackTitle "GM"]
[WhiteElo "2611"]
[BlackElo "2680"]
[WhiteFideId "13302000"]
[BlackFideId "14105730"]
[EventDate "2014.06.16"]

1. Nf3 Nf6 2. c4 e6 3. g3 d5 4. Bg2 d4 5. O-O c5 6. b4 cxb4 7. a3 Nc6 8. d3 a5
9. Nbd2 e5 10. axb4 Bxb4 11. Ba3 Bxa3 12. Rxa3 O-O 13. Qa1 Nb4 14. Rc1 Re8 15.
Nb3 Nc6 16. Nfd2 Bg4 17. Bxc6 bxc6 18. f3 Bh3 19. Rxa5 Rb8 20. Nc5 Nh5 21. Nce4
Bf5 22. c5 Bxe4 23. Nxe4 Nf6 24. Nd6 Rf8 25. Ra6 Nd5 26. Rb1 1-0

[Event "FIDE World Rapid 2014"]
[Site "Dubai UAE"]
[Date "2014.06.17"]
[Round "7.39"]
[White "Ghaem Maghami, Ehsan"]
[Black "Eljanov, Pavel"]
[Result "1/2-1/2"]
[WhiteTitle "GM"]
[BlackTitle "GM"]
[WhiteElo "2582"]
[BlackElo "2723"]
[WhiteFideId "12500739"]
[BlackFideId "14102951"]
[EventDate "2014.06.16"]

1. e4 c6 2. d4 d5 3. exd5 cxd5 4. c4 Nf6 5. Nc3 Nc6 6. Bf4 g6 7. c5 Bg7 8. Bb5
O-O 9. Nge2 Ne4 10. O-O Nxc3 11. bxc3 Bd7 12. Re1 Na5 13. Bd3 b6 14. cxb6 axb6
15. Qd2 b5 16. Bh6 e6 17. h4 Bxh6 18. Qxh6 Qf6 19. Ng3 Qg7 20. Qf4 Rfc8 21. h5 1/2-1/2

[Event "FIDE World Rapid 2014"]
[Site "Dubai UAE"]
[Date "2014.06.17"]
[Round "7.40"]
[White "Ringoir, Tanguy"]
[Black "Mamedov, Rauf"]
[Result "1/2-1/2"]
[WhiteTitle "IM"]
[BlackTitle "GM"]
[WhiteElo "2506"]
[BlackElo "2659"]
[WhiteFideId "208027"]
[BlackFideId "13401653"]
[EventDate "2014.06.16"]

1. d4 d6 2. e4 Nf6 3. f3 g6 4. c4 Bg7 5. Nc3 O-O 6. Be3 c5 7. Nge2 Nc6 8. d5 Ne5
9. Ng3 h5 10. Be2 e6 11. O-O exd5 12. cxd5 a6 13. a4 Bd7 14. Qd2 Nh7 15. Nh1 f5
16. Nf2 Qf6 17. exf5 gxf5 18. Nh3 Rae8 19. Nf4 Qf7 20. Kh1 Ng6 21. Rfe1 h4 22.
Bc4 Ne5 23. Ba2 c4 24. Bf2 h3 25. Nxh3 f4 26. Ng1 Ng5 27. Ne4 Nxe4 28. Rxe4 b5
29. axb5 axb5 30. Rae1 Bf5 31. Bb1 1/2-1/2

[Event "FIDE World Rapid 2014"]
[Site "Dubai UAE"]
[Date "2014.06.17"]
[Round "7.41"]
[White "Lenic, Luka"]
[Black "Michalik, Peter"]
[Result "1/2-1/2"]
[WhiteTitle "GM"]
[BlackTitle "GM"]
[WhiteElo "2659"]
[BlackElo "2557"]
[WhiteFideId "14603853"]
[BlackFideId "14907526"]
[EventDate "2014.06.16"]

1. d4 d5 2. c4 c6 3. e3 Nf6 4. Nc3 e6 5. Nf3 Nbd7 6. b3 Bd6 7. Bd3 O-O 8. O-O e5
9. cxd5 cxd5 10. Nb5 Bb8 11. dxe5 Nxe5 12. Nbd4 Nxd3 13. Qxd3 Bg4 14. Ba3 Re8
15. Qb5 Qd7 16. Rac1 a6 17. Qxd7 Bxd7 18. Rfd1 Ne4 19. h3 h6 20. Ne2 Be6 21. Nc3
Nxc3 22. Rxc3 a5 23. Bc5 a4 24. b4 d4 25. Nxd4 Bxa2 26. Ra1 Be6 27. Rca3 Bd7 28.
b5 Be5 29. Rxa4 1/2-1/2

[Event "FIDE World Rapid 2014"]
[Site "Dubai UAE"]
[Date "2014.06.17"]
[Round "7.42"]
[White "Salgado Lopez, Ivan"]
[Black "Vahidov, Tair"]
[Result "1/2-1/2"]
[WhiteTitle "GM"]
[BlackTitle "GM"]
[WhiteElo "2622"]
[BlackElo "2446"]
[WhiteFideId "2257327"]
[BlackFideId "14200155"]
[EventDate "2014.06.16"]

1. e4 e5 2. Nf3 Nf6 3. Nxe5 d6 4. Nf3 Nxe4 5. d4 d5 6. Bd3 Bd6 7. O-O O-O 8. c4
c6 9. Qc2 Na6 10. a3 Bg4 11. Bxe4 dxe4 12. Qxe4 Bxf3 13. gxf3 f5 14. Qe6+ Kh8
15. f4 Qh4 16. Qe3 Rf6 17. Kh1 1/2-1/2

[Event "FIDE World Rapid 2014"]
[Site "Dubai UAE"]
[Date "2014.06.17"]
[Round "7.43"]
[White "Kayumov, Sergey"]
[Black "Salem, A.R. Saleh"]
[Result "1/2-1/2"]
[WhiteTitle "GM"]
[BlackTitle "GM"]
[WhiteElo "2505"]
[BlackElo "2581"]
[WhiteFideId "14200880"]
[BlackFideId "9301348"]
[EventDate "2014.06.16"]

1. d4 Nf6 2. Nf3 g6 3. Bf4 Bg7 4. e3 d6 5. h3 O-O 6. Be2 Nc6 7. O-O Nd7 8. Bh2
e5 9. c4 f5 10. Nc3 g5 11. dxe5 dxe5 12. c5 e4 13. Bc4+ Kh8 14. Nd4 Nde5 15.
Nxc6 Qxd1 16. Raxd1 Nxc4 17. Nd4 c6 18. b3 Nb2 19. Rd2 Nd3 20. f3 1/2-1/2

[Event "FIDE World Rapid 2014"]
[Site "Dubai UAE"]
[Date "2014.06.17"]
[Round "7.44"]
[White "Fedoseev, Vladimir3"]
[Black "Al Qudaimi, Basheer"]
[Result "1-0"]
[WhiteTitle "GM"]
[BlackTitle "IM"]
[WhiteElo "2662"]
[BlackElo "2396"]
[WhiteFideId "24130737"]
[BlackFideId "9400346"]
[EventDate "2014.06.16"]

1. d4 d5 2. c4 e6 3. Nc3 c6 4. e3 Nd7 5. Nf3 Ngf6 6. Qc2 Bd6 7. Bd3 dxc4 8. Bxc4
a6 9. O-O O-O 10. Rd1 Qe7 11. e4 e5 12. Bg5 h6 13. Bh4 b5 14. Bb3 Bb7 15. Bg3 g5
16. dxe5 Bxe5 17. Nxe5 Nxe5 18. a4 b4 19. Nb1 c5 20. Nd2 Rac8 21. Bxe5 Qxe5 22.
f3 g4 23. Nc4 Qg5 24. Qd2 Qg7 25. e5 Nh5 26. f4 g3 27. h3 Be4 28. Nd6 1-0

[Event "FIDE World Rapid 2014"]
[Site "Dubai UAE"]
[Date "2014.06.17"]
[Round "7.45"]
[White "Goloshchapov, Alexander"]
[Black "Sriram, Jha"]
[Result "1-0"]
[WhiteTitle "GM"]
[BlackTitle "GM"]
[WhiteElo "2586"]
[BlackElo "2375"]
[WhiteFideId "14103222"]
[BlackFideId "5001668"]
[EventDate "2014.06.16"]

1. d4 d5 2. c4 c6 3. Nc3 Nf6 4. e3 a6 5. Nf3 b5 6. b3 Bg4 7. Be2 e6 8. O-O Nbd7
9. h3 Bh5 10. Bb2 Bd6 11. Ne5 Bxe2 12. Nxe2 Qc7 13. Qc2 bxc4 14. bxc4 O-O 15.
Nd3 Rfc8 16. Rfc1 Qd8 17. Rab1 c5 18. dxc5 Nxc5 19. Bxf6 Qxf6 20. cxd5 exd5 21.
Rb6 1-0

[Event "FIDE World Rapid 2014"]
[Site "Dubai UAE"]
[Date "2014.06.17"]
[Round "7.46"]
[White "Kovalev, Vladislav"]
[Black "Hilwani, Talal"]
[Result "1-0"]
[WhiteTitle "GM"]
[WhiteElo "2554"]
[BlackElo "2274"]
[WhiteFideId "13504398"]
[BlackFideId "7600410"]
[EventDate "2014.06.16"]

1. e4 c5 2. Nf3 a6 3. c4 e6 4. Nc3 Qc7 5. d4 cxd4 6. Nxd4 Nf6 7. Be3 Bb4 8. Bd3
O-O 9. O-O Bxc3 10. bxc3 d6 11. f4 Nbd7 12. Nb3 b6 13. Qf3 Bb7 14. Rae1 d5 15.
cxd5 exd5 16. exd5 Bxd5 17. Qg3 Qxc3 18. Bd4 Qb4 19. Bc3 Qa4 1-0

[Event "FIDE World Rapid 2014"]
[Site "Dubai UAE"]
[Date "2014.06.17"]
[Round "7.47"]
[White "Lu, Shanglei"]
[Black "Nezad, Husein Aziz"]
[Result "1-0"]
[WhiteTitle "GM"]
[BlackTitle "IM"]
[WhiteElo "2546"]
[BlackElo "2365"]
[WhiteFideId "8603332"]
[BlackFideId "12100293"]
[EventDate "2014.06.16"]

1. e4 e5 2. Nc3 Nf6 3. g3 Nc6 4. Bg2 Bc5 5. Nge2 d6 6. h3 a6 7. d3 Be6 8. Nd5
Qd7 9. Bg5 Ng8 10. c3 f6 11. Be3 Bxe3 12. Nxe3 Nge7 13. d4 exd4 14. cxd4 Bf7 15.
d5 Ne5 16. f4 N5g6 17. Nd4 c5 18. Ne6 Bxe6 19. dxe6 Qxe6 20. f5 Qe5 21. fxg6
Qxg3+ 22. Kd2 hxg6 23. Qg4 Qe5 24. Kc2 f5 25. exf5 Qxe3 26. Rae1 Qf2+ 27. Re2
Qxf5+ 28. Qxf5 gxf5 29. Rhe1 1-0

[Event "FIDE World Rapid 2014"]
[Site "Dubai UAE"]
[Date "2014.06.17"]
[Round "7.49"]
[White "Taleb, Moussa"]
[Black "Moradiabadi, Elshan"]
[Result "0-1"]
[WhiteTitle "GM"]
[BlackTitle "GM"]
[WhiteElo "2406"]
[BlackElo "2586"]
[WhiteFideId "9300201"]
[BlackFideId "12501255"]
[EventDate "2014.06.16"]

1. Nf3 d6 2. d4 f5 3. g3 Nf6 4. Bg2 g6 5. O-O Bg7 6. c4 O-O 7. Nc3 e6 8. Bg5 h6
9. Bxf6 Qxf6 10. e3 Nc6 11. Rc1 g5 12. d5 Nd8 13. dxe6 Nxe6 14. b3 Bd7 15. Nd5
Qf7 16. Qd2 Rad8 17. Nc3 Kh8 18. h4 Qh5 19. Ne2 Bf6 20. hxg5 hxg5 21. Ned4 Nc5
22. Qc2 f4 23. b4 Na6 24. a3 g4 0-1

[Event "FIDE World Rapid 2014"]
[Site "Dubai UAE"]
[Date "2014.06.17"]
[Round "7.50"]
[White "Mchedlishvili, Mikheil"]
[Black "Omar, Noaman"]
[Result "1-0"]
[WhiteTitle "GM"]
[BlackTitle "IM"]
[WhiteElo "2632"]
[BlackElo "2366"]
[WhiteFideId "13600966"]
[BlackFideId "9300244"]
[EventDate "2014.06.16"]

1. Nf3 d5 2. c4 d4 3. g3 c5 4. Bg2 Nc6 5. O-O Nf6 6. e3 e6 7. exd4 cxd4 8. d3
Be7 9. Na3 O-O 10. Nc2 a5 11. Re1 Bc5 12. b3 Nd7 13. a3 e5 14. Bd2 Bd6 15. b4
Re8 16. c5 Bc7 17. Qe2 Ne7 18. Nh4 Rb8 19. Rac1 h6 1-0

[Event "FIDE World Rapid 2014"]
[Site "Dubai UAE"]
[Date "2014.06.17"]
[Round "7.51"]
[White "Savchenko, Boris"]
[Black "Breckenridge, Steven James"]
[Result "1-0"]
[WhiteTitle "GM"]
[BlackTitle "FM"]
[WhiteElo "2581"]
[BlackElo "2299"]
[WhiteFideId "4147332"]
[BlackFideId "2043700"]
[EventDate "2014.06.16"]

1. e4 e5 2. Nf3 Nc6 3. Bb5 a6 4. Ba4 Nf6 5. O-O b5 6. Bb3 Bb7 7. Re1 Bc5 8. c3
d6 9. d4 Bb6 10. a4 h6 11. axb5 axb5 12. Rxa8 Qxa8 13. Na3 exd4 14. cxd4 O-O 15.
Nxb5 Re8 16. e5 dxe5 17. dxe5 Rd8 18. Qc2 1-0

[Event "FIDE World Rapid 2014"]
[Site "Dubai UAE"]
[Date "2014.06.17"]
[Round "8.2"]
[White "Nepomniachtchi, Ian"]
[Black "Karjakin, Sergey"]
[Result "1/2-1/2"]
[WhiteTitle "GM"]
[BlackTitle "GM"]
[WhiteElo "2730"]
[BlackElo "2771"]
[WhiteFideId "4168119"]
[BlackFideId "14109603"]
[EventDate "2014.06.16"]

1. e4 c5 2. Nf3 d6 3. Bb5+ Bd7 4. Bxd7+ Qxd7 5. c4 Nf6 6. Nc3 g6 7. d4 cxd4 8.
Nxd4 Bg7 9. O-O O-O 10. b3 Nc6 11. Bb2 e6 12. Re1 a6 13. Nf3 Rfd8 14. Qe2 Qc7
15. Red1 Nd7 16. Rd2 Bh6 17. Rdd1 Nc5 18. h3 Qa5 19. Nb1 b5 20. Nbd2 Bg7 21.
Bxg7 Kxg7 22. Qe3 e5 23. Rdc1 b4 24. Nf1 Qc7 25. Ng3 Ne6 26. Ne2 a5 27. a4 bxa3
28. Rxa3 Qa7 29. Qxa7 Rxa7 30. Nc3 Ncd4 31. Nxd4 Nxd4 32. Nb5 Nxb5 33. cxb5 Rb8
34. Rc6 Rxb5 35. Rxd6 Rab7 36. Ra6 Rxb3 37. Rxb3 Rxb3 38. Rxa5 1/2-1/2

[Event "FIDE World Rapid 2014"]
[Site "Dubai UAE"]
[Date "2014.06.17"]
[Round "8.4"]
[White "Grischuk, Alexander"]
[Black "Tomashevsky, Evgeny"]
[Result "1-0"]
[WhiteTitle "GM"]
[BlackTitle "GM"]
[WhiteElo "2792"]
[BlackElo "2695"]
[WhiteFideId "4126025"]
[BlackFideId "4147235"]
[EventDate "2014.06.16"]

1. e4 e5 2. Bc4 Nf6 3. d3 Nc6 4. Nc3 Bb4 5. Nf3 d6 6. O-O Bxc3 7. bxc3 Na5 8.
Bb3 h6 9. Re1 O-O 10. d4 Qe7 11. Ba3 c5 12. Nxe5 dxe5 13. Bxc5 Qc7 14. Bxf8 Kxf8
15. Qd3 Bd7 16. f4 exf4 17. e5 Ng4 18. g3 Nxb3 19. axb3 g5 20. gxf4 gxf4 21. Rf1
Ke7 22. Rxf4 Rg8 23. Re1 Kd8 24. Kf1 f6 25. h3 fxe5 26. Rxg4 Bxg4 27. hxg4 Rxg4
28. dxe5+ Ke8 29. Qf5 Rg5 30. Qe6+ Qe7 31. Qc8+ Kf7 32. Re2 Kg7 33. e6 Rf5+ 34.
Rf2 Kf6 35. Qh8+ Kg5 36. Rxf5+ Kxf5 37. Qxh6 a5 38. Qh5+ Kxe6 39. Qxa5 Qh7 40.
Qb6+ Kd5 41. Qb5+ Ke6 42. Qc4+ Ke5 43. Qd4+ Ke6 44. Qe3+ Kf6 45. Qd3 Qh1+ 46.
Ke2 Ke6 47. Kd2 1-0

[Event "FIDE World Rapid 2014"]
[Site "Dubai UAE"]
[Date "2014.06.17"]
[Round "8.5"]
[White "Kryvoruchko, Yuriy"]
[Black "Carlsen, Magnus"]
[Result "0-1"]
[WhiteTitle "GM"]
[BlackTitle "GM"]
[WhiteElo "2707"]
[BlackElo "2881"]
[WhiteFideId "14109182"]
[BlackFideId "1503014"]
[EventDate "2014.06.16"]

1. e4 c5 2. Nf3 d6 3. Bb5+ Nd7 4. c3 Nf6 5. Qe2 a6 6. Ba4 e5 7. O-O Be7 8. d4 b5
9. Bc2 O-O 10. Rd1 Qc7 11. d5 Rb8 12. a4 c4 13. axb5 axb5 14. b4 cxb3 15. Bxb3
Nc5 16. Bc2 Bd7 17. Ba3 Ra8 18. Nbd2 Na4 19. Bxa4 Rxa4 20. Bb4 Rfa8 21. Rxa4
bxa4 22. Nb1 Bg4 23. Na3 Nh5 24. Qe3 Nf4 25. Ra1 f5 26. Nb5 Qd7 27. c4 fxe4 28.
Nd2 Nxd5 29. Qxe4 Nb6 30. Nc3 Bf5 31. Qe3 Qc6 32. Qe2 Be6 33. Qe4 Qxe4 34. Ndxe4
Nxc4 35. Rxa4 Rb8 36. h3 Kf8 37. Nd1 Bd7 38. Ra7 Bc6 39. Rc7 Bxe4 40. Rxc4 Bd5
41. Rg4 h5 42. Rh4 g5 43. Ne3 gxh4 44. Nxd5 Rb5 0-1

[Event "FIDE World Rapid 2014"]
[Site "Dubai UAE"]
[Date "2014.06.17"]
[Round "8.7"]
[White "Radjabov, Teimour"]
[Black "Fressinet, Laurent"]
[Result "1/2-1/2"]
[WhiteTitle "GM"]
[BlackTitle "GM"]
[WhiteElo "2724"]
[BlackElo "2717"]
[WhiteFideId "13400924"]
[BlackFideId "608742"]
[EventDate "2014.06.16"]

1. e4 e5 2. Nf3 Nc6 3. Bc4 Nf6 4. d3 Be7 5. O-O O-O 6. Re1 d6 7. c3 Na5 8. Bb5
a6 9. Ba4 b5 10. Bc2 c5 11. Nbd2 Nc6 12. Nf1 Re8 13. a4 b4 14. h3 h6 15. Ne3 Rb8
16. Nc4 Be6 17. Bb3 Bf8 18. Bd2 Qc7 19. Ba2 Qb7 20. cxb4 Nxb4 21. Na5 Qc7 22.
Bxe6 fxe6 23. Nc4 Nc6 24. Bc3 Nd7 25. Ne3 Nf6 26. Nc4 Nd7 27. Ne3 Nf6 28. Nc4 1/2-1/2

[Event "FIDE World Rapid 2014"]
[Site "Dubai UAE"]
[Date "2014.06.17"]
[Round "8.8"]
[White "Aronian, Levon"]
[Black "Potkin, Vladimir"]
[Result "1-0"]
[WhiteTitle "GM"]
[BlackTitle "GM"]
[WhiteElo "2815"]
[BlackElo "2621"]
[WhiteFideId "13300474"]
[BlackFideId "4131061"]
[EventDate "2014.06.16"]

1. c4 c6 2. d4 d5 3. cxd5 cxd5 4. Bf4 Nf6 5. Nc3 Nc6 6. e3 a6 7. Bd3 Bg4 8. Nge2
e6 9. O-O Bd6 10. f3 Bh5 11. Na4 O-O 12. Nc5 Bxc5 13. dxc5 e5 14. Bg5 Qe7 15.
Bxf6 Qxf6 16. Ng3 Qh6 17. Nf5 Qf6 18. Qb3 Bg6 19. Nd6 Bxd3 20. Qxd3 Ne7 21. e4
d4 22. Nc4 Rad8 23. b4 h5 24. g3 h4 25. f4 hxg3 26. hxg3 exf4 27. Rxf4 Qg6 28.
Nd6 Nd5 29. Rh4 Ne3 30. Kf2 Rxd6 31. cxd6 Qf6+ 32. Ke2 g5 33. e5 Qg7 34. Rh5 Ng4
35. Qxd4 Nxe5 36. Rah1 Re8 37. Rh8+ Qxh8 38. Rxh8+ Kxh8 39. d7 1-0

[Event "FIDE World Rapid 2014"]
[Site "Dubai UAE"]
[Date "2014.06.17"]
[Round "8.9"]
[White "Laznicka, Viktor"]
[Black "Vachier-Lagrave, Maxime"]
[Result "1/2-1/2"]
[WhiteTitle "GM"]
[BlackTitle "GM"]
[WhiteElo "2679"]
[BlackElo "2762"]
[WhiteFideId "316385"]
[BlackFideId "623539"]
[EventDate "2014.06.16"]

1. d4 Nf6 2. c4 g6 3. g3 Bg7 4. Nf3 O-O 5. Bg2 c5 6. O-O cxd4 7. Nxd4 Nc6 8. Nc3
Qa5 9. e3 d6 10. Qe2 Bg4 11. f3 Bd7 12. Rd1 Rac8 13. Nxc6 bxc6 14. Bd2 Qa6 15.
e4 Be6 16. b3 d5 17. cxd5 Qxe2 18. Nxe2 cxd5 19. e5 Nd7 20. f4 f6 21. Nd4 Bg4
22. Bxd5+ Kh8 23. Rdc1 fxe5 24. Ne6 Nb6 25. Nxf8 Nxd5 26. Rxc8 Bxc8 27. Rc1 Bf5
28. Rc5 Nb6 29. Rc7 exf4 30. gxf4 Nd5 31. Rb7 Bxf8 32. Rxa7 e6 33. Ra8 Kg7 34.
a4 Be4 35. a5 Nxf4 36. Rc8 Nd3 37. a6 Bc5+ 38. Kf1 Kf6 39. Ke2 Ke5 40. Be3 Bxe3
41. Kxe3 Nb4 42. a7 Nd5+ 43. Kd2 Nb6 44. Rb8 Na8 45. Rd8 Bd5 46. Kc3 h5 47. h4
Nc7 48. Kb4 Kd4 49. Rd7 Na8 50. Kb5 e5 51. Ka6 e4 52. b4 e3 53. Re7 g5 54. b5
gxh4 55. b6 h3 56. b7 h2 57. b8=Q h1=Q 58. Qe5+ Kc4 59. Qf4+ Kc5 60. Qxe3+ Kb4
61. Qd2+ Kc5 62. Qe3+ Kb4 63. Qd2+ Kc5 64. Qe3+ Kc4 65. Qe2+ Kc5 66. Qe3+ 1/2-1/2

[Event "FIDE World Rapid 2014"]
[Site "Dubai UAE"]
[Date "2014.06.17"]
[Round "8.10"]
[White "Harikrishna, Pentala"]
[Black "Iturrizaga Bonelli, Eduardo"]
[Result "1-0"]
[WhiteTitle "GM"]
[BlackTitle "GM"]
[WhiteElo "2726"]
[BlackElo "2653"]
[WhiteFideId "5007003"]
[BlackFideId "3901211"]
[EventDate "2014.06.16"]

1. d4 Nf6 2. Nf3 g6 3. Bg5 Bg7 4. Nbd2 c5 5. e3 O-O 6. c3 d6 7. Be2 Nc6 8. O-O
h6 9. Bh4 g5 10. Bg3 Bf5 11. h4 g4 12. Nh2 h5 13. f3 gxf3 14. gxf3 Bg6 15. Kh1
Nd5 16. Bf2 cxd4 17. cxd4 e5 18. dxe5 dxe5 19. Ne4 Nf6 20. Ng5 Qxd1 21. Rfxd1
Rfd8 22. Nf1 e4 23. f4 Ng4 24. Bg1 Nb4 25. Ng3 Nc2 26. f5 Nxa1 27. fxg6 f6 28.
Bc4+ Kf8 29. Ne6+ 1-0

[Event "FIDE World Rapid 2014"]
[Site "Dubai UAE"]
[Date "2014.06.17"]
[Round "8.11"]
[White "Inarkiev, Ernesto"]
[Black "Le, Quang Liem"]
[Result "0-1"]
[WhiteTitle "GM"]
[BlackTitle "GM"]
[WhiteElo "2682"]
[BlackElo "2712"]
[WhiteFideId "4162722"]
[BlackFideId "12401137"]
[EventDate "2014.06.16"]

1. e4 c5 2. Nf3 e6 3. d4 cxd4 4. Nxd4 Nc6 5. Nc3 Qc7 6. Be3 a6 7. Qd2 Nf6 8.
O-O-O Be7 9. f3 b5 10. Kb1 Bb7 11. g4 Nxd4 12. Bxd4 O-O 13. e5 Nd5 14. Ne4 f6
15. exf6 Bxf6 16. Nxf6+ Nxf6 17. Bg2 Nd5 18. Rhe1 Rae8 19. Be5 d6 20. Bg3 e5 21.
f4 Nxf4 22. Bxb7 Qxb7 23. Qxd6 Re6 24. Qc5 Ng6 25. Rd6 Qe7 26. Rc6 Qxc5 27. Rxc5
e4 28. Kc1 e3 29. Rd5 Re4 30. Kd1 Nf4 31. Rd7 Ng2 32. Rg1 Rf1+ 33. Ke2 Rxg1 34.
b3 Nf4+ 35. Kf3 e2 36. Kxe4 Rxg3 37. hxg3 Ne6 38. Ke5 e1=Q+ 39. Kd6 Nf8 0-1

[Event "FIDE World Rapid 2014"]
[Site "Dubai UAE"]
[Date "2014.06.17"]
[Round "8.13"]
[White "Bologan, Viktor"]
[Black "Bacrot, Etienne"]
[Result "1/2-1/2"]
[WhiteTitle "GM"]
[BlackTitle "GM"]
[WhiteElo "2661"]
[BlackElo "2720"]
[WhiteFideId "13900048"]
[BlackFideId "605506"]
[EventDate "2014.06.16"]

1. e4 e5 2. Nf3 Nc6 3. Bc4 Bc5 4. O-O Nf6 5. d3 d6 6. c3 O-O 7. h3 h6 8. Re1 Re8
9. Nbd2 a6 10. Bb3 Be6 11. Nf1 Bxb3 12. Qxb3 Qd7 13. Ng3 d5 14. Bd2 b5 15. a4
Rab8 16. axb5 axb5 17. exd5 Nxd5 18. d4 exd4 19. Rxe8+ Rxe8 20. Qxb5 dxc3 21.
bxc3 Bf8 22. c4 Nb6 23. Be3 Ne5 24. Nxe5 Qxb5 25. cxb5 Rxe5 26. Rb1 Na4 27. Ra1
Nb6 28. Rb1 Na4 29. Ra1 Nb6 30. Rb1 Na4 31. Ra1 1/2-1/2

[Event "FIDE World Rapid 2014"]
[Site "Dubai UAE"]
[Date "2014.06.17"]
[Round "8.14"]
[White "Riazantsev, Alexander"]
[Black "Jobava, Baadur"]
[Result "0-1"]
[WhiteTitle "GM"]
[BlackTitle "GM"]
[WhiteElo "2692"]
[BlackElo "2713"]
[WhiteFideId "4125029"]
[BlackFideId "13601520"]
[EventDate "2014.06.16"]

1. d4 Nf6 2. c4 c5 3. d5 g6 4. Nc3 Bg7 5. e4 O-O 6. Nf3 e6 7. Bd3 exd5 8. cxd5
d6 9. h3 Re8 10. O-O Nbd7 11. Bf4 c4 12. Bc2 Nc5 13. Re1 b5 14. a3 Qb6 15. e5
dxe5 16. Bxe5 Bb7 17. Qd4 Rad8 18. d6 Bf8 19. Ng5 Rxe5 20. Rxe5 Bxd6 21. Rd1 Rd7
22. Qe3 Bxe5 23. Qxe5 Rxd1+ 24. Nxd1 h6 25. Nf3 Bxf3 26. gxf3 Ncd7 27. Qe7 Qd4
28. Nc3 a6 29. Be4 Kg7 30. Qd8 Qd2 31. Qe7 Qxb2 32. Bd5 Qc1+ 33. Kg2 Qg5+ 34.
Kf1 Nxd5 35. Qxg5 hxg5 36. Nxd5 Nc5 37. Ke2 a5 38. Ke3 Nd3 39. Nb6 Kf6 40. a4
bxa4 41. Nxc4 Nf4 42. Nxa5 a3 43. Nb3 a2 44. Kd2 Nxh3 0-1

[Event "FIDE World Rapid 2014"]
[Site "Dubai UAE"]
[Date "2014.06.17"]
[Round "8.15"]
[White "Yudin, Sergei"]
[Black "Naiditsch, Arkadij"]
[Result "1/2-1/2"]
[WhiteTitle "GM"]
[BlackTitle "GM"]
[WhiteElo "2546"]
[BlackElo "2705"]
[WhiteFideId "4159659"]
[BlackFideId "4650891"]
[EventDate "2014.06.16"]

1. e4 c5 2. Nf3 d6 3. c3 Nf6 4. Bd3 Nc6 5. h3 e5 6. O-O Be7 7. Bc2 O-O 8. d4
cxd4 9. cxd4 Nb4 10. Nc3 Nxc2 11. Qxc2 Qc7 12. Be3 d5 13. dxe5 Nxe4 14. Rac1
Nxc3 15. Qxc3 Qxc3 16. Rxc3 Re8 17. Nd4 Bb4 18. Rb3 Ba5 19. Rb5 Bc7 20. f4 f6
21. Rxd5 fxe5 22. Nb5 Bb8 23. f5 a6 24. Nd6 Bxd6 25. Rxd6 b5 26. f6 Be6 27. Rxe6
Rxe6 28. f7+ Kf8 29. Bc5+ Re7 30. Rf5 Rc8 31. Bb4 Rc7 32. Kf2 a5 33. Bd6 Rd7 34.
Bc5 Rc7 35. Rxe5 Rxc5 36. Rxc5 Rxf7+ 37. Ke3 Rb7 38. Kd4 a4 39. b4 axb3 40. axb3
Ke7 41. Kd5 Rd7+ 42. Kc6 Rd2 43. Rg5 Kf6 44. Rg3 b4 45. Kc5 h5 46. Kxb4 g5 47.
Kc3 Ra2 48. Kc4 Rc2+ 49. Kb5 Kf5 50. b4 g4 51. hxg4+ hxg4 52. Ka6 Kf4 53. Rb3
Rxg2 54. b5 Ra2+ 55. Kb7 g3 56. b6 g2 57. Rb1 Rf2 58. Rg1 Kg3 59. Kc8 Kh2 60.
Rxg2+ Kxg2 61. b7 Rc2+ 62. Kd7 Rb2 63. Kc7 Rxb7+ 1/2-1/2